000 01356nam a2200277 i 4500
005 20260114161813.0
008 260114t20242024uk a b 000 0 eng d
020 _a9781787081611
_cRM69.53
_qpaperback
040 _aPPAK
_beng
_cPPAK
_erda
082 0 4 _223
_a388
090 0 0 _a388
_bGRE
_dK
100 1 _aGree, Alain,
_eauthor
_eillustrator.
245 1 0 _aTransport /
_cALAIN GREE
264 1 _aLewes, East Sussex, United Kingdom :
_bButton Books, an imprint of Guild of Master Craftsman Publications Ltd.,
_c2024
264 4 _c©2024
300 _a47 pages :
_bcolour illustrations ;
_c25 cm
336 _atext
_2rdacontent
337 _aunmediated
_2rdamedia
338 _avolume
_2rdacarrier
520 _aTransport introduces the topic to young children in a retro, fun and educational style. From cars and trucks to emergency vehicles, trains, boats, helicopters and planes, children will learn about all the different modes of transport and types of vehicles. Young readers will also find out how they work and all the things they help us to do, such as go to work or on vacation, visit friends and transport food and fuel.
650 1 0 _aTransportation
_xHistory
650 1 0 _aTransportation
_vJuvenile literature
650 2 0 _aVehicles
_xHistory
650 2 0 _aVehicles
_xJuvenile literature
942 _2ddc
_cB
999 _c202739
_d202739